000 00835nam a2200217Ia 4500
003 GCL
008 140319s9999 xx 000 0 ara d
040 _aGCL /
_cGCL
082 0 4 _a362.2
_bم ر
100 1 _aمحمد السيد عبدالرحمن
245 1 0 _aرعاية الاطفال التوحديين :
_bدليل الوالدين والمعلمين /
_cمحمد السيد عبدالرحمن
700 1 _aمنى خليفة على حسن
250 _aالاولى
260 _aالقاهرة :
_bالسحاب للنشر والتوزيع ،
_c2005
300 _a235 ص ؛
_c24 سم
650 0 4 _aالاطفال المعوقون
650 0 4 _aالاطفال المعوقون - رعاية وعلاج
650 0 4 _aالاطفال المعوقون - تعليم
650 0 4 _aالطفل التوحدى
942 _2ddc
_cBK
999 _c56428
_d56428